स्‍वयंवरा (Record no. 26232)

MARC details
000 -LEADER
fixed length control field 00433nam a2200169Ia 4500
008 - FIXED-LENGTH DATA ELEMENTS--GENERAL INFORMATION
fixed length control field 220531s9999 xx 000 0 und d
041 ## - LANGUAGE CODE
Language code of text/sound track or separate title mar
100 ## - MAIN ENTRY--PERSONAL NAME
Personal name काकोडकर चंद्रकांत
9 (RLIN) 44264
245 ## - TITLE STATEMENT
Title स्‍वयंवरा
250 ## - EDITION STATEMENT
Edition statement 1ST
260 ## - PUBLICATION, DISTRIBUTION, ETC. (IMPRINT)
Name of publisher, distributor, etc. Geeta
Date of publication, distribution, etc. 1999
300 ## - PHYSICAL DESCRIPTION
Extent 1262
542 ## - INFORMATION RELATING TO COPYRIGHT STATUS
Copyright holder 14-06-2002
650 ## - SUBJECT ADDED ENTRY--TOPICAL TERM
Topical term or geographic name as entry element General
9 (RLIN) 44265
906 ## - LOCAL DATA ELEMENT F, LDF (RLIN)
d 2002-2003
Holdings
Withdrawn status Lost status Source of classification or shelving scheme Damaged status Not for loan Home library Current library Date acquired Vendor Cost, normal purchase price Total Checkouts Total Holds Full call number Barcode Date last seen Bill Date Koha item type Original Barcode
    Dewey Decimal Classification     Shri Siddhivinayak Mahila Mahavidyalaya Shri Siddhivinayak Mahila Mahavidyalaya 14/06/2002 Samarth 105.00   1 /-/B/7218 SSMM-BK-7218 06/08/2022 06/08/2022 Books 010007218